Normal view
MARC view
- Momin Durrani.
Entry Personal Name
001 - CONTROL NUMBER
- control field: 19116
003 - CONTROL NUMBER IDENTIFIER
- control field: NUST
005 - DATE AND TIME OF LATEST TRANSACTION
- control field: 20190806060119.0
008 - FIXED-LENGTH DATA ELEMENTS
- fixed length control field: 190806|| aca||aabn | a|a d
040 ## - CATALOGING SOURCE
- Original cataloging agency: NUST
- Transcribing agency: NUST
100 ## - HEADING--PERSONAL NAME
- Personal name: Momin Durrani.
670 ## - SOURCE DATA FOUND
- Source citation: Work cat.: (NUST): Atta ur Rehman 19115, Selection of Officers on Short Service Commission /, 2016.
